000 00390nam a2200169Ia 4500
003 Ost
005 20260225132600.0
008 260225s9999||||xx |||||||||||||| ||und||
020 _a9782311002287
040 _cfsic
041 _afre
082 _a70.4
100 _aPhilippe Morel
_eAuteur
245 0 _aCommunication institutionnelle /
245 0 _cPhilippe Morel
942 _cكتاب
999 _c34703
_d34703